00576nam a2200181Ia 4500003000900000008004100009020002200050040001600072080001800088100002300106245013400129260004800263300001800311650001400329650002000343650001500363650001600378IN-BaIIA211028s9999 xx 000 0 eng d a978-0-691-03327-3 cIIA Library a538.3:92bSCH aSchweber, Silvan S 0aQED and the men who made itbDyson, Feynman, Schwinger, and TomonagacSilvan S Schweber  aPrincetonbPrinceton University Pressc1994 axxviii, 732p. aBiography aElectrodynamics aPhysicists aQED Quantum